书目信息 |
| 题名: |
鲁迅作品集
|
|
| 作者: | 鲁迅 著 ;金隐铭 编 | |
| 分册: | 散文卷 | |
| 出版信息: | 北京 现代出版社 2016 |
|
| 页数: | 367页 | |
| 开本: | 23cm | |
| 丛书名: | ||
| 单 册: | ||
| 中图分类: | I210.2 , I210.4 | |
| 科图分类: | ||
| 主题词: | 鲁迅著作--lu xun zhu zuo--作品集 , 鲁迅散文--lu xun san wen--散文集 | |
| 电子资源: | ||
| ISBN: | 978-7-5143-4285-7 | |
| 000 | 01086nam0 22002771 450 | |
| 001 | 0119165259 | |
| 005 | 20170619165259.0 | |
| 010 | @a978-7-5143-4285-7@dCNY33.00 | |
| 100 | @a20160331d2016 em y0chiy50 ea | |
| 101 | 0 | @achi |
| 102 | @aCN@b110000 | |
| 105 | @aa z 000cy | |
| 106 | @ar | |
| 200 | 1 | @a鲁迅作品集@9lu xun zuo pin ji@i散文卷@f鲁迅著@g金隐铭编 |
| 210 | @a北京@c现代出版社@d2016 | |
| 215 | @a367页@c照片@d23cm | |
| 300 | @a现代版作家作品集 | |
| 330 | @a本书收入了鲁迅生前编定的回忆散文集《朝花夕拾》、散文诗集《野草》,同时又从鲁迅杂文集中钩稽出了其他散文,如美文,随感,纪实散文,怀人散文,书信、日记散文,序跋散文,讲演散文等。抒情性和文采相对淡薄而偏重于析理辩难的正宗杂文概未收入。附录鲁迅对《朝花夕拾》、《野草》和对散文的论述,有助于读者对正文的理解。 | |
| 606 | 0 | @a鲁迅著作@9lu xun zhu zuo@x作品集 |
| 606 | 0 | @a鲁迅散文@9lu xun san wen@x散文集 |
| 690 | @aI210.2@v5 | |
| 690 | @aI210.4@v5 | |
| 701 | 0 | @a鲁迅@9lu xun@f(1881~1936)@4著 |
| 702 | 0 | @a金隐铭@9jin yin ming@4编 |
| 801 | 0 | @aCN@b百万庄@c20170616 |
| 905 | @b1011321-6@dI210.2@e311@f6 | |
| 鲁迅作品集.散文卷/鲁迅著/金隐铭编.-北京:现代出版社,2016 |
| 367页:照片;23cm |
| 现代版作家作品集 |
| ISBN 978-7-5143-4285-7:CNY33.00 |
| 本书收入了鲁迅生前编定的回忆散文集《朝花夕拾》、散文诗集《野草》,同时又从鲁迅杂文集中钩稽出了其他散文,如美文,随感,纪实散文,怀人散文,书信、日记散文,序跋散文,讲演散文等。抒情性和文采相对淡薄而偏重于析理辩难的正宗杂文概未收入。附录鲁迅对《朝花夕拾》、《野草》和对散文的论述,有助于读者对正文的理解。 |
| ● |
| 相关链接 |
|
|
|
|
正题名:鲁迅作品集
索取号:I210.2/311
 
预约/预借
| 序号 | 登录号 | 条形码 | 馆藏地/架位号 | 状态 | 备注 |
| 1 | 1011321 | 210113214 | 第一样本阅览室/ [索取号:I210.2/311] | 在馆 | |
| 2 | 1011322 | 210113223 | 教育系资料室/ [索取号:I210.2/311] | 在馆 | |
| 3 | 1011323 | 210113232 | 教育系资料室/ [索取号:I210.2/311] | 在馆 | |
| 4 | 1011324 | 210113241 | 教育系资料室/ [索取号:I210.2/311] | 在馆 | |
| 5 | 1011325 | 210113250 | 第二借阅区/ [索取号:I210.2/311] | 在馆 | |
| 6 | 1011326 | 210113269 | 第二借阅区/ [索取号:I210.2/311] | 在馆 |